|
|
|
|
| LEADER |
01051nam a2200277 a 4500 |
| 001 |
12096415 |
| 008 |
120620s2001 nyu b 001 0 eng |
| 010 |
|
|
|a 00055327
|
| 020 |
|
|
|a 0415923379
|
| 020 |
|
|
|a 0415923387 (pbk.)
|
| 040 |
|
|
|a DLC
|c DLC
|d DLC
|d BD-DhAAL
|
| 042 |
|
|
|a pcc
|
| 043 |
|
|
|a n------
|a e------
|
| 050 |
0 |
0 |
|a RG963.A1
|b B57 2001
|
| 082 |
0 |
0 |
|a 362.1/982
|2 21
|
| 245 |
0 |
0 |
|a Birth by design :
|b pregnancy, maternity care, and midwifery in North America and Europe /
|c edited by Raymond DeVries ... [et al.].
|
| 260 |
|
|
|a New York :
|b Routledge,
|c 2001.
|
| 300 |
|
|
|a xviii, 301 p. ;
|c 24 cm.
|
| 504 |
|
|
|a Includes bibliographical references and index.
|
| 541 |
|
|
|e 00025437
|
| 650 |
|
0 |
|a Maternal health services
|z North America.
|
| 650 |
|
0 |
|a Maternal health services
|z Europe.
|
| 700 |
1 |
|
|a De Vries, Raymond G.
|
| 852 |
1 |
|
|a Ayesha Abed Library
|c General shelf.
|
| 999 |
|
|
|c 12407
|d 12407
|
| 952 |
|
|
|0 0
|1 0
|2 ddc
|4 0
|6 362_198200000000000_BIR
|7 0
|9 20537
|a JPGSPH
|b JPGSPH
|c GEN
|d 2012-06-20
|l 0
|o 362.1982 BIR
|p 3060025437
|r 2012-06-20
|t 1
|w 2012-06-20
|y BK
|